<?xml version="1.0" encoding="UTF-8"?>
<record
    xmlns:xsi="http://www.w3.org/2001/XMLSchema-instance"
    xsi:schemaLocation="http://www.loc.gov/MARC21/slim http://www.loc.gov/standards/marcxml/schema/MARC21slim.xsd"
    xmlns="http://www.loc.gov/MARC21/slim">

  <leader>00755nam a2200193   4500</leader>
  <controlfield tag="001">114598</controlfield>
  <controlfield tag="003">DR-UNIBE</controlfield>
  <controlfield tag="005">20260423110715.0</controlfield>
  <controlfield tag="008">260423b1997    |||||||| |||| 00| 0 spa d</controlfield>
  <datafield tag="020" ind1=" " ind2=" ">
    <subfield code="a"> 9280507310</subfield>
  </datafield>
  <datafield tag="040" ind1=" " ind2=" ">
    <subfield code="a">BIBLIOTECA UNIBE</subfield>
    <subfield code="b">spa</subfield>
    <subfield code="c">BIBLIOTECA UNIBE</subfield>
    <subfield code="e">rda</subfield>
  </datafield>
  <datafield tag="041" ind1=" " ind2=" ">
    <subfield code="a">spa</subfield>
  </datafield>
  <datafield tag="245" ind1="1" ind2="0">
    <subfield code="a">Tratado de la  OMPI sobre derecho de autor (WCT) (1996)  con la declaraciones concertadas relativas al tratado adoptadas por la conferencia diplom&#xE1;tica y las disposiciones del Convenio de Berna (1971) mencionadas en el tratado</subfield>
  </datafield>
  <datafield tag="260" ind1=" " ind2=" ">
    <subfield code="a">Ginebra : </subfield>
    <subfield code="b">Organizaci&#xF3;n Mundial de la Propiedad Intelectual (OMPI),</subfield>
    <subfield code="c">1997</subfield>
  </datafield>
  <datafield tag="300" ind1=" " ind2=" ">
    <subfield code="a">58 p&#xE1;ginas :</subfield>
  </datafield>
  <datafield tag="650" ind1=" " ind2="7">
    <subfield code="2">lemb</subfield>
    <subfield code="a">Propiedad intelectual</subfield>
  </datafield>
  <datafield tag="653" ind1="0" ind2="0">
    <subfield code="a">Derecho de autor</subfield>
  </datafield>
  <datafield tag="942" ind1=" " ind2=" ">
    <subfield code="2">ddc</subfield>
    <subfield code="c">MX</subfield>
  </datafield>
  <datafield tag="999" ind1=" " ind2=" ">
    <subfield code="c">114598</subfield>
    <subfield code="d">114598</subfield>
  </datafield>
  <datafield tag="952" ind1=" " ind2=" ">
    <subfield code="0">0</subfield>
    <subfield code="1">0</subfield>
    <subfield code="2">ddc</subfield>
    <subfield code="7">0</subfield>
    <subfield code="8">FOL</subfield>
    <subfield code="a">Principal</subfield>
    <subfield code="d">2026-01-01</subfield>
    <subfield code="l">0</subfield>
    <subfield code="o">F 5819</subfield>
    <subfield code="p">F250197</subfield>
    <subfield code="r">2026-04-27 09:57:28</subfield>
    <subfield code="t">Ej. 1</subfield>
    <subfield code="w">2026-04-27</subfield>
    <subfield code="y">MX</subfield>
  </datafield>
</record>
